| 000 | 00352nam a2200121Ia 4500 | ||
|---|---|---|---|
| 008 | 220217s9999 xx 000 0 und d | ||
| 245 | 0 | _aDrums, large, fixed ends- Specification. Part 1. Grade A Drums | |
| 260 | _aNew Delhi | ||
| 260 |
_c1993 _bBureau of Indian Standards |
||
| 500 | _aStandard number: IS 1783 (Part1) | ||
| 650 | _aDrums | ||
| 942 | _cST | ||
| 999 |
_c73587 _d73587 |
||